10 Biggest Cities in Order: South Africa - Statistics

General Stats
  • This quiz has been taken 78 times
  • The average score is 5 of 10
Answer Stats
# Answer % Correct
2 Cape Town
100%
1 Johannesburg
100%
4 Pretoria
90%
3 Durban
87%
5 Port Elizabeth
73%
9 Bloemfontein
54%
8 Pietermaritzburg
10%
10 Vereeniging
7%
6 Soshanguve
3%
7 Evaton
1%
No matching quizzes found
Score Distribution
Percent of People with Each Score
Percentile by Number Answered
Your Score History
You have not taken this quiz